skbl

Dr Suryya Kumar Bhuyan Library Web-OPAC
ডঃ সূৰ্য্য
কুমাৰ ভূঞা পুথিভঁৰাল ৱেব-অ'পেক

All Research Scholars are advised to clear the annual library fees to continue using Library Resources, Remote Access, Plagiarism Test and Library Clearance.

Cotton University Book Fair 2026

A Descriptive Catalogue of The Sanskrit Manuscripts / (Record no. 43394)

MARC details
000 -LEADER
fixed length control field 00886nam a2200325Ia 4500
001 - CONTROL NUMBER
control field 43428
005 - DATE AND TIME OF LATEST TRANSACTION
control field 20240114003547.0
007 - PHYSICAL DESCRIPTION FIXED FIELD--GENERAL INFORMATION
fixed length control field ta
008 - FIXED-LENGTH DATA ELEMENTS--GENERAL INFORMATION
fixed length control field 081022s1939 g b000 u 491 u
040 ## - CATALOGING SOURCE
Original cataloging agency Cotton College,Assam
041 ## - LANGUAGE CODE
Language code of text/sound track or separate title 491
082 ## - DEWEY DECIMAL CLASSIFICATION NUMBER
Classification number 016.8912
Item number Sa 79 D
100 ## - MAIN ENTRY--PERSONAL NAME
Personal name Sastri, S.Kuppuswami .
245 #0 - TITLE STATEMENT
Title A Descriptive Catalogue of The Sanskrit Manuscripts /
Statement of responsibility, etc. S.Kuppuswami Sastri.
Medium Textual Documents
250 ## - EDITION STATEMENT
Edition statement Ist ed /
260 ## - PUBLICATION, DISTRIBUTION, ETC.
Place of publication, distribution, etc. Madras :
Name of publisher, distributor, etc. Government Press ,
Date of publication, distribution, etc. 1939.
300 ## - PHYSICAL DESCRIPTION
Extent 10566 ;
Dimensions 24cm.
653 ## - INDEX TERM--UNCONTROLLED
Uncontrolled term Catalogue - Sanskrit Manuscripts
653 ## - INDEX TERM--UNCONTROLLED
Uncontrolled term Sanskrit Manuscripts-Catalogue
653 ## - INDEX TERM--UNCONTROLLED
Uncontrolled term T/G- Computer Science
653 ## - INDEX TERM--UNCONTROLLED
Uncontrolled term T/G-Sanskrit
653 ## - INDEX TERM--UNCONTROLLED
Uncontrolled term BV-Sanskrit
653 ## - INDEX TERM--UNCONTROLLED
Uncontrolled term Journal
942 ## - ADDED ENTRY ELEMENTS (KOHA)
Source of classification or shelving scheme Dewey Decimal Classification
Koha item type Books
Holdings
Withdrawn status Lost status Damaged status Not for loan Collection Home library Current library Date acquired Coded location qualifier Total checkouts Full call number Barcode Date last seen Copy number Price effective from Koha item type
          Dr. Suryya Kumar Bhuyan Library Dr. Suryya Kumar Bhuyan Library 01/02/2012 00000   016.8912 Sa 79 D 905/BV 14/01/2024 4 01/02/2012 Books
          Dr. Suryya Kumar Bhuyan Library Dr. Suryya Kumar Bhuyan Library 01/02/2012 00000   016.8912 Sa 79 D 36235 14/01/2024 3 01/02/2012 Books
          Dr. Suryya Kumar Bhuyan Library Dr. Suryya Kumar Bhuyan Library 01/02/2012 00000   016.8912 Sa 79 D 36236 14/01/2024 1 01/02/2012 Books
          Dr. Suryya Kumar Bhuyan Library Dr. Suryya Kumar Bhuyan Library 01/02/2012 00000   016.8912 Sa 79 D 393.341 14/01/2024 2 01/02/2012 Books

Designed and Maintained by Team SKBL
©1901-2026

Powered by Koha